| 000 | 00437nam a2200181Ia 4500 | ||
|---|---|---|---|
| 003 | GCL | ||
| 008 | 140319s9999 xx 000 0 eng d | ||
| 040 |
_aGCL / _cGCL |
||
| 082 | 0 | 4 |
_aCC _b916.204 _bG V |
| 100 | 1 | _aIFAO | |
| 245 | 1 | 0 |
_aVOYAGE EN EGYPTE, 1482 - 1483 / _cIFAO |
| 700 | 1 | _aGHISTELE, JOOS V. | |
| 260 |
_a[S.N] : _bI.F.A.O ، _c1976 |
||
| 650 | 0 | 4 | _aEGYPT |
| 650 | 0 | 4 | _aTRAVELS |
| 650 | 0 | 4 | _aCOLLECTIONS |
| 942 |
_2ddc _cBK |
||
| 999 |
_c17601 _d17601 |
||